000 005040000a22001810004500
003 LK-CoMWRAF
005 20231130102321.0
008 230817t1989 ||||| |||| 00| 0 eng d
040 _aLK-CoMWRAF
_dLK-CoMWRAF
_eLK-CoMWRAF
041 _aeng
082 _a346.064
_bHAN
245 _aHandbook on the WAKF Act, 1954
250 _a2nd ed.
260 _aAllahabad:
_bLaw Publishers,
_c1989
300 _axiv, 98 p. ; 25 cm
650 _aCharitable uses, trusts, and foundations (Islamic law)
942 _cBK
999 _c1447
_d1447